| 000 | 00727nam a22002411 4500 | ||
|---|---|---|---|
| 001 | Mimo0001483652 | ||
| 003 | SpMaBN | ||
| 005 | 20240712155827.0 | ||
| 008 | 990701s1975 sp spa | ||
| 020 |
_a8482809512 _q(Volumen 2) |
||
| 040 |
_aSpMaBN _bspa _cCDM _dCO-UdeC _eAARC |
||
| 082 | 0 | 4 |
_a813 _bT468 |
| 100 | 1 |
_aThompson, Morton _0XX1264356 |
|
| 245 | 1 | 0 |
_aNo serás un extraño II / _cMorton Thompson. |
| 260 | 3 |
_aVenezuela : _bEditorial Oveja Negra, _c1985. |
|
| 300 |
_a451 p. ; _c18 cm. |
||
| 490 | 0 |
_aBest Sellers _v51 |
|
| 500 | _aInicia en capítulo XXV. | ||
| 546 | _aEspañol. | ||
| 650 | 1 | 4 |
_aNovela estadounidense _92593 |
| 650 | 1 | 4 |
_aLiteratura estadounidense _92594 |
| 942 |
_2ddc _cBK _h813 T468 _n0 |
||
| 999 |
_c1818 _d1818 |
||